000 00257nam a22000977a 4500
999 _c6758
_d6758
008 170614b xxu||||| |||| 00| 0 eng d
020 _a9788190717267
100 _93397
_aNissar. K
245 _aClick and learn computer - VIII
260 _aNew Delhi
_bPinnace
_c2009